00510nas a22001697a 4500003000400000005001700004008004100021040000800062245007000070260004800140300004300188310001400231650002200245856004700267942001100314999001500325IIN20260507123147.0260507c2015 |||qr|j| |||| 00| 0 eng d aIIN aJournal of fundamentals in Nursing ResearchcASC Journals Nursing aAurangabad:bInnovational Publishers,c2015 aVol. 1, No. 1 (Jan.-Mar. 2015) -bill. aQuarterly aResearchxNursing uhttps://ascjournals.com/journal-details/15 cSERs1 c1893d1893